Normal view
MARC view
Entry Personal Name
001 - CONTROL NUMBER
- control field: 1239769
003 - CONTROL NUMBER IDENTIFIER
- control field: OSt
005 - DATE AND TIME OF LATEST TRANSACTION
- control field: 20260514122625.0
008 - FIXED-LENGTH DATA ELEMENTS
- fixed length control field: 260514|| aca||aabn | a|a d
040 ## - CATALOGING SOURCE
- Original cataloging agency: OSt
- Transcribing agency: OSt
100 ## - HEADING--PERSONAL NAME
- Personal name: Dr.U.C.Garga
670 ## - SOURCE DATA FOUND
- Source citation: Work cat.: (OSt)1851555: Dr.Dinesh Kumar 1239766, Study of Markers of Acute Phase Reactants as Predictors of Infection in Acute Stroke.
